000 00682nam a2200181 i 4500
001 20271
003 ES-MaACL
005 20230906152251.0
007 t|
008 021108s1889 sp ||||1| spa d
100 1 _aAguilar, Antonio
_c(jurisconsulto)
_918683
245 1 0 _aActualidades
_b: (cartas a mi padrino).
_nI,
_pLos tribunales y el ministro /
_cAntonio Aguilar.
260 _aMadrid :
_bFernando Fe,
_c1889 (
_eCartagena :
_fMarcial Ventura)
300 _a94 p. ;
_c19 cm.
650 4 _aAdministración de justicia-
_zEspaña.
_99621
650 4 _aAdministración de justicia-
_xPersonal-
_zEspaña.
_9148046
852 _aES-MaACL
_jG-7318(2)
_q. - Encuadernado con otras obras
999 _c20271
_d20271